• 首页
  • 本馆介绍
  • 公告通知
  • 最新文献
  • 馆藏检索
  • 电子资源
  • 读者荐购
  • 参考咨询
  • CALIS
  • 我的图书馆
  • 登录
  • 详细信息显示
  • 放入我的书架
  • 预约/预借图书
  • 作者相关作品
  • 分类相关作品
  • 丛书相关作品
  • 出版社相关作品

书目信息

  • 表格格式
  • 工作单格式
  • 卡片格式
题名:
经营学入门
    
 
作者: 王惠贤 编著
分册:  
出版信息: 大连   大连理工大学出版社  2009.07
页数: 272页
开本: 21cm
丛书名:
单 册:
中图分类: H369.4:F
科图分类:
主题词: 日语--ri yu--阅读教学--高等学校--教材 , 商业经营--shang ye jing ying--高等学校--教材
电子资源:
ISBN: 978-7-5611-4950-8
 
 
 
 
 
000 01001nam0 2200265 450
001 012010221034
005 20100604114522.73
010    @a978-7-5611-4950-8@dCNY20.00
100    @a20100604d2009 em y0chiy0120 ea
101 0  @achi@ajpn
102    @aCN@b210000
105    @ay z 000yy
106    @ar
200 1  @a经营学入门@Ajing ying xue ru men@e日文版@f王惠贤编著@Fwang hui xian bian zhu
210    @a大连@c大连理工大学出版社@d2009.07
215    @a272页@d21cm
300    @a高等学校日语教材
320    @a有书目 (第270-272页)
330    @a本书的主要目的是介绍有关经营学的入门知识,适用于有一定日语基础的读者,供读者掌握经营学的主要内容与基础理论,并简单介绍经营学理论在实际操作中的一些惯用方法,引导读者形成将理论与实际相融合的思维习惯。
606 0  @a日语@Ari yu@x阅读教学@x高等学校@j教材
606 0  @a商业经营@Ashang ye jing ying@x高等学校@j教材
690    @aH369.4:F@v4
701  0 @a王惠贤@Awang hui xian@4编著
801  0 @aCN@bQSSK@c20100604
905    @b781414-16@dH369.4:F@eW217@f3
    
    经营学入门:日文版/王惠贤编著.-大连:大连理工大学出版社,2009.07
    272页;21cm
    高等学校日语教材
    
    ISBN 978-7-5611-4950-8:CNY20.00
    本书的主要目的是介绍有关经营学的入门知识,适用于有一定日语基础的读者,供读者掌握经营学的主要内容与基础理论,并简单介绍经营学理论在实际操作中的一些惯用方法,引导读者形成将理论与实际相融合的思维习惯。
●
相关链接 在E读中查询图书 在当当中查询图书 在豆瓣中查询图书


正题名:经营学入门     索取号:H369.4:F/W217         预约/预借

序号 登录号 条形码 馆藏地/架位号 状态 备注
1 781414   207814141   语言库209/209语言库 131排2列4层/ [索取号:H369.4:F/W217] 在馆    
2 781415   207814150   语言库209/209语言库 131排2列4层/ [索取号:H369.4:F/W217] 在馆    
3 781416   207814169   语言库209/209语言库 131排2列4层/ [索取号:H369.4:F/W217] 在馆    
河南城建学院图书馆 欢迎您!
大连网信软件有限公司© 版权所有